The Indian evidence act, 1872 : (Record no. 1693)
[ view plain ]
| 000 -LEADER | |
|---|---|
| fixed length control field | 00676nam a22002297a 4500 |
| 001 - CONTROL NUMBER | |
| control field | 17266 |
| 003 - CONTROL NUMBER IDENTIFIER | |
| control field | BD-DhUAP |
| 005 - DATE AND TIME OF LATEST TRANSACTION | |
| control field | 20210124100505.0 |
| 008 - FIXED-LENGTH DATA ELEMENTS--GENERAL INFORMATION | |
| fixed length control field | 200212r20121980ii ||||| |||| 00| 0 eng d |
| 040 ## - CATALOGING SOURCE | |
| Original cataloging agency | BD-DhUAP |
| Language of cataloging | Eng |
| Transcribing agency | BD-DhUAP |
| Modifying agency | BD-DhUAP |
| 082 ## - DEWEY DECIMAL CLASSIFICATION NUMBER | |
| Edition number | 23 |
| Classification number | 347.5406 SIN |
| 100 ## - MAIN ENTRY--PERSONAL NAME | |
| Personal name | Singh, K. K. |
| 245 ## - TITLE STATEMENT | |
| Title | The Indian evidence act, 1872 : |
| Remainder of title | act no. 1 of 1872 / |
| Statement of responsibility, etc. | K. K. Singh and H. P. Gupta. |
| 250 ## - EDITION STATEMENT | |
| Edition statement | 2nd ed. |
| 260 ## - PUBLICATION, DISTRIBUTION, ETC. | |
| Place of publication, distribution, etc. | Lucknow : |
| Name of publisher, distributor, etc. | Eastern book co., |
| Date of publication, distribution, etc. | c1980 [Reprinted 2012]. |
| 300 ## - PHYSICAL DESCRIPTION | |
| Extent | xxvi, 396 pages ; |
| Dimensions | 24 cm. |
| 500 ## - GENERAL NOTE | |
| General note | Includes index. |
| 650 ## - SUBJECT ADDED ENTRY--TOPICAL TERM | |
| Topical term or geographic name entry element | Indian Evidence Act. |
| 650 ## - SUBJECT ADDED ENTRY--TOPICAL TERM | |
| Topical term or geographic name entry element | Evidence (Law). |
| 700 ## - ADDED ENTRY--PERSONAL NAME | |
| Personal name | Gupta, H. P. |
| 942 ## - ADDED ENTRY ELEMENTS (KOHA) | |
| Source of classification or shelving scheme | |
| Koha item type | Book |
| Withdrawn status | Lost status | Source of classification or shelving scheme | Damaged status | Not for loan | Permanent Location | Current Location | Shelving location | Date acquired | Total Checkouts | Full call number | Barcode | Date due | Date last seen | Date last checked out | Copy number | Price effective from | Koha item type | Total Renewals |
|---|---|---|---|---|---|---|---|---|---|---|---|---|---|---|---|---|---|---|
| UAP Central Library | UAP Central Library | General Stacks | 2020-02-12 | 2 | 347.5406 SIN | 3010017266 | 2025-04-05 | 2025-03-06 | 2025-03-06 | 1 | 2020-02-12 | Book | ||||||
| UAP Central Library | UAP Central Library | General Stacks | 2020-02-12 | 16 | 347.5406 SIN | 3010017267 | 2026-05-14 | 2026-04-01 | 2026-04-01 | 2 | 2020-02-12 | Book | 6 | |||||
| UAP Central Library | UAP Central Library | General Stacks | 2020-02-12 | 10 | 347.5406 SIN | 3010017263 | 2026-03-04 | 2026-02-17 | 2026-02-17 | 3 | 2020-02-12 | Book | 7 | |||||
| UAP Central Library | UAP Central Library | General Stacks | 2020-02-12 | 9 | 347.5406 SIN | 3010017264 | 2026-05-21 | 2026-04-08 | 2026-04-08 | 4 | 2020-02-12 | Book | 8 | |||||
| UAP Central Library | UAP Central Library | General Stacks | 2020-02-12 | 3 | 347.5406 SIN | 3010017265 | 2026-03-07 | 2026-02-23 | 5 | 2020-02-12 | Book | 3 | ||||||
| UAP Central Library | UAP Central Library | General Stacks | 2020-02-12 | 4 | 347.5406 SIN | 3010015245 | 2025-09-10 | 2025-08-21 | 6 | 2020-02-12 | Book | 2 | ||||||
| UAP Central Library | UAP Central Library | General Stacks | 2020-02-12 | 347.5406 SIN | 3010015244 | 2020-02-12 | 7 | 2020-02-12 | Book | |||||||||
| UAP Central Library | UAP Central Library | General Stacks | 2020-02-12 | 5 | 347.5406 SIN | 3010017262 | 2025-09-25 | 2025-07-31 | 8 | 2020-02-12 | Book | 7 | ||||||
| UAP Central Library | UAP Central Library | General Stacks | 2020-02-12 | 4 | 347.5406 SIN | 3010015242 | 2026-06-13 | 2026-05-16 | 2026-05-16 | 9 | 2020-02-12 | Book | 3 | |||||
| UAP Central Library | UAP Central Library | General Stacks | 2020-02-12 | 8 | 347.5406 SIN | 3010017268 | 2026-06-17 | 2026-05-06 | 2026-05-06 | 10 | 2020-02-12 | Book | 4 | |||||
| UAP Central Library | UAP Central Library | General Stacks | 2020-02-12 | 4 | 347.5406 SIN | 3010015246 | 2026-05-13 | 2026-05-04 | 11 | 2020-02-12 | Book | |||||||
| UAP Central Library | UAP Central Library | General Stacks | 2020-02-12 | 4 | 347.5406 SIN | 3010015243 | 2024-10-23 | 2024-10-22 | 12 | 2020-02-12 | Book | 1 |
Bengali Keyboard